| Tag |
First Indicator |
Second Indicator |
Subfields |
| LEADER |
00000cgm a2200000Ia 4500 |
| 001 |
in00002781516 |
| 005 |
20151202171347.0 |
| 007 |
vd mvaizq |
| 008 |
120615p20042003cau092 g vleng d |
| 020 |
|
|
|a 159552021X
|
| 020 |
|
|
|a 9781595520210
|
| 024 |
1 |
|
|a 690445005229
|
| 028 |
4 |
2 |
|a RD 0052
|b Razor Digital Entertainment
|
| 035 |
|
|
|a (OCoLC)ocm57300240
|
| 035 |
|
|
|a (OCoLC)57300240
|
| 040 |
|
|
|a TEFMT
|b eng
|c TEFMT
|d RCS
|d LEO
|d OCL
|d OCLCQ
|d BTCTA
|d OCLCQ
|d TXI
|d STF
|d OCLCA
|d OCLCQ
|d TXA
|d UtOrBLW
|
| 041 |
1 |
|
|a eng
|j eng
|j spa
|
| 043 |
|
|
|a n-us---
|
| 049 |
|
|
|a TXAM
|
| 050 |
|
4 |
|a NC975.5.F72
|b F73 2004
|
| 082 |
0 |
4 |
|a 709.2/04
|2 22
|
| 245 |
0 |
0 |
|a Frazetta :
|b painting with fire /
|c Cinemachine presents a Dark Kingdom production ; directed by Lance Laspina ; produced by Jeremy J. DiFiore.
|
| 246 |
3 |
0 |
|a Painting with fire
|
| 250 |
|
|
|a Collector's ed.
|
| 264 |
|
1 |
|a Beverly Hills, CA :
|b Razor Digital Entertainment,
|c [2004]
|
| 264 |
|
4 |
|c ©2004
|
| 300 |
|
|
|a 2 videodiscs (92 min.) :
|b sound, color with black and white sequences ;
|c 4 3/4 in.
|
| 336 |
|
|
|a two-dimensional moving image
|b tdi
|2 rdacontent
|
| 337 |
|
|
|a video
|b v
|2 rdamedia
|
| 338 |
|
|
|a videodisc
|b vd
|2 rdacarrier
|
| 538 |
|
|
|a DVD; region 0 (All); Dolby Digital 5.1; widescreen presentation.
|
| 546 |
|
|
|a In English with optional subtitles in English or Spanish.
|
| 511 |
1 |
|
|a Narrator, Sean Hannon ; Frank Frazetta ; commentators include Bill Stout, Forrest Ackerman, Kevin Eastman, Simon Bisley, Cathy & Arnie Fenner, John Buscema, John Milius, David Winiewicz, Joe Jusko, Dave Stevens, Michael Kaluta, Bernie Wrightson, Ralph Bakshi, Frank Frazetta Jr., Angelo Torres, Nick Meglin, Al Williamson, Bud Plant, Holly Frazetta, Mary Frazetta, Jeannie Frazetta, Walt Reed, Mark Schultz, Neal Adams, Roger Reed, Clayburn Moore, Bill Frazetta, Rich Larson, Brom, Bo Derek, Heidi Frazetta, Tom Gianni, Glenn Danzig.
|
| 508 |
|
|
|a Director of photography, Devin Rice ; editor, Lance Laspina ; original music by Michael Goodis.
|
| 500 |
|
|
|a Originally produced as a documentary in 2003.
|
| 521 |
8 |
|
|a MPAA rating: Not rated.
|
| 520 |
|
|
|a "I consider myself to be a creative artist ... not just a fantasy illustrator. I work purely from my imagination. No swipes. No photographs. I stress good composition and design that borders on the abstract in spite of the subject matter."--Frank Frazetta. Frazetta's trademark images--fierce warriors, voluptuous princesses, fantastical creatures--have inspired hundreds of imitators and won him renown, one of the most recognizable artists of the twentieth century. From comics to cover art, this documentary explores the life and works of this virtuoso artist and illustrator.
|
| 505 |
0 |
0 |
|g Disc 1
|t Power and drama -- Product of Brooklyn -- Early career -- Artist emerges -- Conan the Barbarian -- Sportsman -- Eye of a camera -- Master of media -- Frazetta girls -- Fire and ice -- Family -- Fight for life -- Grand influence -- Frazetta museum -- Quality is eternal -- Reflection -- End credits
|g (92 min.).
|
| 505 |
0 |
0 |
|g Disc 2
|t Frank drawing -- Fire and Ice -- Deleted scenes, outtakes and stories -- Image galleries [video, text, and slide show features]
|g (248 min.).
|
| 500 |
|
|
|a Special features: Disc one: Behind the scenes (97 min.); Director/producer commentary [audio feature].
|
| 500 |
|
|
|a Videorecording.
|
| 600 |
1 |
0 |
|a Frazetta, Frank.
|
| 650 |
|
0 |
|a Artists.
|
| 650 |
|
0 |
|a Graphic arts.
|
| 650 |
|
0 |
|a Fantastic, The, in art.
|
| 650 |
|
0 |
|a Fantasy in art.
|
| 650 |
|
0 |
|a Animals in art.
|
| 650 |
|
0 |
|a Human figure in art.
|
| 650 |
|
0 |
|a Art, Modern
|y 20th century.
|
| 650 |
|
0 |
|a Fantasy fiction
|v Illustrations.
|
| 650 |
|
0 |
|a Illustrators
|z United States
|v Biography.
|
| 655 |
|
7 |
|a Biographical films.
|2 lcgft
|
| 655 |
|
7 |
|a Documentary films.
|2 lcgft
|
| 655 |
|
7 |
|a Nonfiction films.
|2 lcgft
|
| 700 |
1 |
|
|a Laspina, Lance.
|
| 700 |
1 |
|
|a DiFiore, Jeremy J.
|
| 700 |
1 |
|
|a Frazetta, Frank.
|
| 700 |
1 |
|
|a Hannon, Sean.
|
| 710 |
2 |
|
|a Cinemachine (Firm)
|
| 710 |
2 |
|
|a Dark Kingdom Inc.
|
| 710 |
2 |
|
|a Razor Digital Entertainment (Firm)
|
| 994 |
|
|
|a C0
|b TXA
|
| 948 |
|
|
|a cataloged
|b h
|c 2012/6/21
|d c
|e blrosas
|f 2:01:23 pm
|
| 999 |
|
|
|a MARS
|
| 999 |
f |
f |
|s 3ef091c5-7bbd-3302-9bfc-8ff5bba878cb
|i 3ba98553-959b-3012-8336-4531e6797688
|t 0
|
| 952 |
f |
f |
|p dvd
|a Texas A&M University
|b College Station
|c Sterling C. Evans Library
|d Evans: Media and Reserves (Annex 1st floor)
|t 0
|e NC975.5.F72 F73 2004
|h Library of Congress classification
|i video -- videodisc
|m A14841433879
|
| 998 |
f |
f |
|a NC975.5.F72 F73 2004
|t 0
|l Evans: Media and Reserves (Annex 1st floor)
|